000
00280nam a22001217a 4500
008
180928b xxu||||| |||| 00| 0 eng d
041
_a
eng
080
_a
510
100
_a
37
101
_a
MAT
245
_a
Essential Mathematics for Skilled Workers
_c
Keal, H.M
942
_2
udc
_c
BK
999
_c
48673
_d
48673